El conductismo /

Guardado en:
Autor Principal: Watson, J. B.
Formato: Libro
Publicado: Buenos Aires : Paidos, 1961
Materias:
Etiquetas: Agregar Etiqueta
Sin Etiquetas, Sea el primero en etiquetar este registro!
LEADER 00547nam a22001935a 4500
001 CEM.cems006629
005 20060214000000.0
008 130507s1961##################000#0#####d
003 CEMS
082 0 4 |a 150.19 
100 1 |a Watson, J. B. 
245 1 0 |a El conductismo / 
260 |a Buenos Aires :  |b Paidos,  |c 1961 
300 |a 324 p. 
653 |a Conductismo 
653 |a Emociones-psicología 
653 |a Psicología 
859 |a CEMS  |b BIB. CEMS - 11 de abril  |h 150.19  |i W29  |p 480.73  |t Ej.1 
859 |a CEMS  |b BIB. CEMS - 11 de abril  |h 150.19  |i W29  |p 525.73  |t Ej.2